000 00612nam a2200193 i 4500
001 17374
003 ES-MaACL
005 20230906151550.0
007 t|
008 010226s2000 sp ||||1| spa d
080 _a929 Caro Baroja, Julio
100 1 _aMolina Campuzano, Miguel.
_981918
245 1 0 _aCon Julio Caro Baroja, en mi adicción de siempre /
_cMiguel Molina Campuzano.
260 _aMadrid :
_bCaro Raggio,
_c[2000]
300 _a101 p. :
_bil. ;
_c24 cm.
600 1 4 _aCaro Baroja, Julio,
_d1914-1995-
_vHomenajes
_935405
852 _aES-MaACL
_jL-24282
_bR.129558
999 _c17374
_d17374